Ramuntcho /
Guardado en:
| Autor Principal: | |
|---|---|
| Formato: | Libro |
| Idioma: | French |
| Publicado: |
Paris :
Calmann-Lévy,
1930.
|
| Materias: | |
| Etiquetas: |
Agregar Etiqueta
Sin Etiquetas, Sea el primero en etiquetar este registro!
|
| LEADER | 00421nam a22001575a 4500 | ||
|---|---|---|---|
| 001 | EUN.um044650 | ||
| 003 | AR-BaUNS | ||
| 005 | 20050623122914.0 | ||
| 008 | 041125s1930####fr############000#0#fre#d | ||
| 245 | 1 | 0 | |a Ramuntcho / |c Pierre Loti. |
| 260 | |a Paris : |b Calmann-Lévy, |c 1930. | ||
| 300 | |a 325 p. | ||
| 100 | 1 | |a Loti, Pierre. | |
| 082 | 0 | 4 | |a 843 |
| 653 | |a Novela francesa | ||
| 859 | |a Ar-BaUNS |b BIB. CENTRAL - Sector C |h 843 |i L914-2 |p 1338/964 | ||
